=LDR 00000nam 2200000 4500 =001 INLIS000000000000871 =005 20130612085307 =008 ***********************************Ind** =035 ##$$0010-061300000000871 =041 ##$$a Ind =082 ##$$a 583.37 =090 ##$$a 583.37, Ruk-m =100 ##$$a Rukmana, Rahmat =245 ##$$a Mawar, Rahmat Rukmana =260 ##$$a 1995 $b Yogyakarta =300 ##$$a 63 hlm, ilus, 21 cm =650 ##$$a Mawar =850 ##$$a NBPNMAT =990 ##$$a 0001/BPAP-NTB/20142014 =990 ##$$a 2090100743/BPAP-NTB/2015